Countries by AI generated video games #2 - Statistics

General Stats
  • This quiz has been taken 58 times
  • The average score is 14 of 16
Answer Stats
Picture Answer % Correct
Japan
98%
Spain
96%
Turkey
96%
Israel
94%
Ukraine
94%
Finland
90%
France
90%
Mexico
90%
Netherlands
88%
Australia
86%
United Kingdom
84%
Georgia
78%
South Korea
78%
Kenya
76%
Austria
64%
United Arab Emirates
54%
No matching quizzes found
Score Distribution
Percent of People with Each Score
Percentile by Number Answered
Your Score History
You have not taken this quiz